000 00800nam0a22002651 4500
001 rc\4708355
005 20130416212043.8
021 _aRU
_b[63-86229]
035 _a(NLR Aleph) 008722587
090 _a9427157
_c9427157
100 _a20130416d1963 |||y0rusy50 ca
101 0 _arus
102 _aRU
105 _aa z |||||
200 1 _aРадиолокация с непрерывным излучением
210 _aМосква
_cВоениздат
_d1963
215 _a123 с.
_cил.
_d20
320 _aБиблиогр.: с. 121-122 (33 назв.)
606 _aРадиолокация
_2psbo
700 1 _aСупряга
_bН. П.
_gНиколай Павлович
801 0 _aRU
_bNLR
_gpsbo
801 1 _aRU
_bELAR
_2rusmarc
852 _aNLR
_j63-3/6210
942 _cBOOK
980 _aNB